Propiedad nacional y concesión minera
Gorde:
| Egile nagusia: | |
|---|---|
| Erakunde egilea: | |
| Formatua: | Liburua |
| Hizkuntza: | Spanish |
| Argitaratua: |
Azcapotzalco, Distrito Federal, México
Universidad Autónoma Metropolitana
1982
|
| Gaiak: | |
| Etiketak: |
Etiketa erantsi
Etiketarik gabe, Izan zaitez lehena erregistro honi etiketa jartzen!
|
MARC
| LEADER | 00000nam a2200000 4500 | ||
|---|---|---|---|
| 003 | cru CIDCACS/IIS | ||
| 005 | 20190117090139.0 | ||
| 008 | 190117b1982 MX ||||| |||| 00| 0 spa d | ||
| 999 | |c 42052 |d 42052 | ||
| 040 | |c cru CIDCACS/IIS | ||
| 090 | |a REV0001 3(5) 1982 | ||
| 100 | |9 8211 |a Ibarra, Jorge Luis | ||
| 110 | |9 8187 |a Universidad Autónoma Metropolitana, UAM | ||
| 245 | |a Propiedad nacional y concesión minera |c Jorge Luis Ibarra | ||
| 260 | |a Azcapotzalco, Distrito Federal, México |b Universidad Autónoma Metropolitana |c 1982 | ||
| 300 | |a Páginas 26-49. | ||
| 650 | 0 | |9 3064 |a DERECHO PUBLICO | |
| 650 | 0 | |9 3837 |a DERECHO SOCIAL | |
| 650 | 0 | |9 3840 |a DERECHO ECONOMICO | |
| 650 | 0 | |9 8212 |a ECONOMIA INDUSTRIAL | |
| 650 | 0 | |9 243 |a ESTADO | |
| 650 | 0 | |9 993 |a MINERIA | |
| 650 | 0 | |9 7266 |a PROPIEDAD | |
| 651 | 0 | |9 3410 |a MEXICO | |
| 773 | 0 | |0 18805 |9 2591 |d Azcapotzalco UAM |o 02281 |t AZCAPOTZALCO | |
| 942 | |2 ddc |c PP | ||
